000
00303nam a22001337a 4500
008
170621b xxu||||| |||| 00| 0 eng d
020
_a
2900801488282
041
_a
eng
080
_a
32
100
_a
20
101
_a
SHP
245
_a
ARCHITECTURES OF RUSSIAN IDENTITY
_c
CRACRAFT, J
942
_2
udc
_c
BK
999
_c
18481
_d
18481